| 000 | 00696cab a2200217 4500 | ||
|---|---|---|---|
| 001 | WB2542-29 | ||
| 008 | 090401t1989 xxu||||| |||| 00| 0 eng d | ||
| 035 | _a(Sirsi) u71333 | ||
| 041 | _aeng | ||
| 245 | _aNew valuation rules | ||
| 260 | _c1989 | ||
| 350 | _a0 | ||
| 490 |
_aEstates Times _vno 1017, 20/10/89 p1 |
||
| 520 | _aA proposed by-law to be put to an EGM next summer could mean expulsion from the RICS for valuers who do not comply strictly with new valuation rules. | ||
| 650 | _aASSET VALUATION | ||
| 650 | _aABOUT RICS-RICS MEMBERS | ||
| 650 | _aRICS GUIDANCE NOTES | ||
| 690 | _aMANAGEMENT-BUSINESS MANAGEMENT-PROFESSIONAL PRACTICE | ||
| 942 | _n0 | ||
| 948 | _c04/03/1997 | ||
| 999 |
_c44953 _d44953 |
||